Lectures on pseudo-differential operators : regularity theorems and applications to non-elliptic problems /
Guardado en:
| Autor Principal: | |
|---|---|
| Otros Autores: | |
| Formato: | Libro |
| Idioma: | English |
| Publicado: |
Princeton, N.J. :
Princeton University Press,
1979.
|
| Series: | Mathematical notes (Princeton University Press) ;
24 |
| Materias: | |
| Etiquetas: |
Agregar Etiqueta
Sin Etiquetas, Sea el primero en etiquetar este registro!
|
| LEADER | 00901cam a2200241 a 4500 | ||
|---|---|---|---|
| 001 | MAT.inmabb002597 | ||
| 008 | 790810s1979####nju######b####000#0#eng## | ||
| 005 | 20110316141002.0 | ||
| 245 | 1 | 0 | |a Lectures on pseudo-differential operators : |b regularity theorems and applications to non-elliptic problems / |c by Alexander Nagel and E. M. Stein. |
| 260 | |a Princeton, N.J. : |b Princeton University Press, |c 1979. | ||
| 300 | |a 159 p. ; |c 24 cm. | ||
| 490 | 1 | |a Mathematical notes ; |v 24 | |
| 504 | |a Bibliografía: p. 156-159. | ||
| 510 | 4 | |a MR, |c 82f:47059 | |
| 020 | |a 0691082472 | ||
| 100 | 1 | |a Nagel, Alexander, |d 1945- | |
| 700 | 1 | |a Stein, Elias M., |d 1931- | |
| 830 | 0 | |a Mathematical notes (Princeton University Press) ; |v 24 | |
| 650 | 0 | |a Pseudodifferential operators. | |
| 084 | |a 47G30 (32-02 35S05 58J10) |2 msc2000 | ||
| 010 | |a 79019388 | ||
| 040 | |a DLC |c DLC |d DLC | ||
| 859 | |h 47 |i N147 |p A-5021 |b BIB. MATEMATICA | ||
